00358nam a2200145Ia 4500008004100000020001500041041001200056082001600068100001300084245004000097260003700137300000800174650001500182700001500197221030s9999 xx 000 0 und d a8129700638 aEnglish a105.23bWel aW. Wells 0aAdvertising - Principles & Practice bPearson EducationaDelhic2004 a599 aManagement aJ. Burnett